[Event "8e Open de Porticcio"]
[Site "?"]
[Date "2023.07.04"]
[Round "6.2"]
[White "Fedorchuk, Sergey A."]
[Black "Lamaze, Simon"]
[Result "1/2-1/2"]
[BlackElo "2388"]
[WhiteElo "2589"]
[LiveChessVersion "1.4.6"]

1. e4 {[%clk 1:30:02]} c5 {[%clk 1:30:51]} 2. Nf3 {[%clk 1:29:59]} e6
{[%clk 1:31:16]} 3. Be2 {[%clk 1:28:40]} Nc6 {[%clk 1:30:37]} 4. O-O
{[%clk 1:28:35]} Nf6 {[%clk 1:29:09]} 5. Nc3 {[%clk 1:28:52]} d5 {[%clk 1:25:12]}
6. exd5 {[%clk 1:28:36]} exd5 {[%clk 1:25:08]} 7. d4 {[%clk 1:26:58]} Be7
{[%clk 1:21:30]} 8. dxc5 {[%clk 1:25:25]} Bxc5 {[%clk 1:21:38]} 9. Bg5
{[%clk 1:25:05]} O-O {[%clk 1:21:03]} 10. Bxf6 {[%clk 1:18:08]} Qxf6
{[%clk 1:21:26]} 11. Qxd5 {[%clk 1:17:17]} Bb4 {[%clk 1:19:45]} 12. Nd1
{[%clk 1:02:27]} Rd8 {[%clk 1:13:27]} 13. Qh5 {[%clk 0:56:49]} g6
{[%clk 1:06:30]} 14. Qg5 {[%clk 0:55:59]} Qxg5 {[%clk 1:05:10]} 15. Nxg5
{[%clk 0:56:23]} Ne5 {[%clk 0:56:51]} 16. Nf3 {[%clk 0:51:59]} Nxf3+
{[%clk 0:56:31]} 17. Bxf3 {[%clk 0:52:23]} Rb8 {[%clk 0:53:38]} 18. Ne3
{[%clk 0:51:48]} Be6 {[%clk 0:53:55]} 19. Rfd1 {[%clk 0:51:41]} Bc5
{[%clk 0:48:01]} 20. a4 {[%clk 0:38:27]} a5 {[%clk 0:35:51]} 21. Kf1
{[%clk 0:29:19]} b6 {[%clk 0:36:02]} 22. Be2 {[%clk 0:23:56]} Kg7
{[%clk 0:35:14]} 23. Bb5 {[%clk 0:22:22]} f5 {[%clk 0:32:44]} 24. Bc4
{[%clk 0:17:25]} Bd7 {[%clk 0:33:10]} 25. Rd3 {[%clk 0:14:44]} Bc6
{[%clk 0:32:38]} 26. Nd5 {[%clk 0:13:22]} Rd6 {[%clk 0:24:05]} 27. b3
{[%clk 0:04:36]} Rb7 {[%clk 0:17:24]} 28. Rad1 {[%clk 0:02:51]} Rbd7
{[%clk 0:17:40]} 29. c3 {[%clk 0:03:08]} Bxd5 {[%clk 0:17:40]} 30. Bxd5
{[%clk 0:03:33]} Kf6 {[%clk 0:17:41]} 31. f4 {[%clk 0:02:36]} h6 {[%clk 0:16:27]}
32. c4 {[%clk 0:00:38]} Re7 {[%clk 0:16:50]} 33. Re1 {[%clk 0:00:52]} Rdd7
{[%clk 0:16:56]} 34. Rxe7 {[%clk 0:00:37]} Rxe7 {[%clk 0:17:13]} 35. Bf3
{[%clk 0:00:44]} Re3 {[%clk 0:17:24]} 36. Rxe3 {[%clk 0:01:07]} Bxe3
{[%clk 0:17:51]} 37. g3 {[%clk 0:01:34]} h5 {[%clk 0:18:12]} 38. Ke2
{[%clk 0:01:55]} Bc5 {[%clk 0:18:37]} 39. Bd5 {[%clk 0:02:16]} Bg1
{[%clk 0:18:28]} 40. Kf3 {[%clk 0:02:40]} Bc5 {[%clk 0:18:52]} 41. Ke2
{[%clk 0:03:05]} Bg1 {[%clk 0:19:18]} 42. Kf3 {[%clk 0:03:32]} Bc5
{[%clk 0:19:45]} 43. Ke2 {[%clk 0:03:59]} Ke5 1/2-1/2

[Event "8e Open de Porticcio"]
[Site "?"]
[Date "2023.07.04"]
[Round "6.3"]
[White "Can, Isik"]
[Black "Roux, Baptiste"]
[Result "0-1"]
[BlackElo "2288"]
[WhiteElo "2512"]
[LiveChessVersion "1.4.6"]

1. e4 {[%clk 1:29:10]} c5 {[%clk 1:30:48]} 2. Nf3 {[%clk 1:29:34]} e6
{[%clk 1:30:45]} 3. d4 {[%clk 1:29:58]} cxd4 {[%clk 1:31:10]} 4. Nxd4
{[%clk 1:30:25]} Nf6 {[%clk 1:31:29]} 5. Nc3 {[%clk 1:30:50]} Nc6
{[%clk 1:31:49]} 6. Nxc6 {[%clk 1:31:16]} bxc6 {[%clk 1:32:12]} 7. e5
{[%clk 1:31:44]} Nd5 {[%clk 1:32:33]} 8. Ne4 {[%clk 1:32:09]} Qc7
{[%clk 1:32:57]} 9. f4 {[%clk 1:32:32]} Qb6 {[%clk 1:33:21]} 10. c4
{[%clk 1:32:57]} Bb4+ {[%clk 1:33:42]} 11. Ke2 {[%clk 1:33:22]} f5
{[%clk 1:34:06]} 12. Nf2 {[%clk 1:33:43]} Qa6 {[%clk 1:34:23]} 13. Kf3
{[%clk 1:12:51]} Nc7 {[%clk 1:34:31]} 14. Be3 {[%clk 1:10:21]} Be7
{[%clk 1:34:26]} 15. Kg3 {[%clk 1:03:41]} c5 {[%clk 1:26:58]} 16. Be2
{[%clk 1:03:29]} Bb7 {[%clk 1:26:34]} 17. Nd3 {[%clk 1:00:51]} g5
{[%clk 1:11:11]} 18. fxg5 {[%clk 0:57:53]} d6 {[%clk 1:04:35]} 19. b3
{[%clk 0:49:32]} O-O-O {[%clk 1:03:07]} 20. Qc1 {[%clk 0:44:34]} h6
{[%clk 0:59:21]} 21. h4 {[%clk 0:44:26]} hxg5 {[%clk 0:59:29]} 22. hxg5
{[%clk 0:31:55]} Rxh1 {[%clk 0:53:44]} 23. Qxh1 {[%clk 0:31:59]} dxe5
{[%clk 0:54:02]} 24. Nxe5 {[%clk 0:27:06]} Qd6 {[%clk 0:53:32]} 25. Bf4
{[%clk 0:27:35]} Bxg5 {[%clk 0:53:22]} 26. Rd1 {[%clk 0:28:04]} Qe7
{[%clk 0:51:47]} 27. Rxd8+ {[%clk 0:25:49]} Qxd8 {[%clk 0:52:07]} 28. Bxg5
{[%clk 0:25:07]} Qxg5+ {[%clk 0:52:23]} 29. Kf2 {[%clk 0:25:35]} Ne8
{[%clk 0:49:40]} 30. Nf3 {[%clk 0:18:56]} Qg7 {[%clk 0:48:53]} 31. Qh2
{[%clk 0:11:58]} Nf6 {[%clk 0:46:19]} 32. Kg1 {[%clk 0:12:21]} Ne4
{[%clk 0:41:15]} 33. Qe5 {[%clk 0:05:41]} Qh6 {[%clk 0:40:50]} 34. Bf1
{[%clk 0:06:05]} Bc6 {[%clk 0:39:46]} 35. Qb2 {[%clk 0:04:55]} Qe3+
{[%clk 0:37:38]} 36. Kh2 {[%clk 0:05:15]} Nc3 {[%clk 0:27:11]} 37. Qd2
{[%clk 0:05:45]} Qxd2 38. Nxd2 {[%clk 0:06:14]} Nxa2 {[%clk 0:27:39]} 39. g4
{[%clk 0:06:42]} fxg4 {[%clk 0:26:10]} 40. Be2 {[%clk 0:04:57]} Kc7
{[%clk 0:23:42]} 41. Kg3 {[%clk 0:04:33]} Kd6 {[%clk 0:22:51]} 42. Bxg4
{[%clk 0:04:34]} Ke5 {[%clk 0:22:59]} 43. Kf2 {[%clk 0:04:25]} Kd4
{[%clk 0:22:46]} 44. Bxe6 {[%clk 0:04:42]} Kc3 {[%clk 0:22:50]} 45. Ke1
{[%clk 0:04:30]} Nc1 {[%clk 0:19:12]} 46. Bd5 {[%clk 0:04:20]} Bd7
{[%clk 0:19:23]} 47. Kd1 {[%clk 0:03:22]} Nxb3 {[%clk 0:19:45]} 48. Nxb3
{[%clk 0:03:49]} Kxb3 {[%clk 0:20:10]} 49. Be4 {[%clk 0:04:10]} Kb2
{[%clk 0:20:06]} 0-1

[Event "8e Open de Porticcio"]
[Site "?"]
[Date "2023.07.04"]
[Round "6.4"]
[White "Cappelletto, Joshuaede"]
[Black "Makkar, Rajat"]
[Result "1/2-1/2"]
[BlackElo "2419"]
[WhiteElo "2286"]
[LiveChessVersion "1.4.6"]

1. e4 {[%clk 1:30:50]} e5 {[%clk 1:30:49]} 2. Bc4 {[%clk 1:31:13]} Nf6
{[%clk 1:30:25]} 3. d3 {[%clk 1:31:36]} Nc6 {[%clk 1:30:28]} 4. Nc3
{[%clk 1:31:58]} Na5 {[%clk 1:26:29]} 5. Bb3 {[%clk 1:32:21]} Nxb3
{[%clk 1:23:18]} 6. axb3 {[%clk 1:32:43]} Bb4 {[%clk 1:23:39]} 7. Nf3
{[%clk 1:32:40]} d5 {[%clk 1:21:35]} 8. exd5 {[%clk 1:30:41]} Nxd5
{[%clk 1:21:03]} 9. Bd2 {[%clk 1:31:03]} O-O {[%clk 1:19:22]} 10. O-O
{[%clk 1:28:08]} Nxc3 {[%clk 1:14:28]} 11. bxc3 {[%clk 1:27:57]} Bd6
{[%clk 1:14:25]} 12. Re1 {[%clk 1:28:10]} Re8 {[%clk 1:03:55]} 13. h3
{[%clk 1:24:34]} h6 {[%clk 0:56:14]} 14. c4 {[%clk 1:23:28]} Bd7 {[%clk 0:42:10]}
15. b4 {[%clk 1:14:10]} b6 {[%clk 0:40:55]} 16. Bc3 {[%clk 1:07:49]} Qf6
{[%clk 0:40:34]} 17. Nd2 {[%clk 1:06:13]} Bc6 {[%clk 0:34:22]} 18. Qg4
{[%clk 1:01:52]} Qe6 {[%clk 0:29:54]} 19. Qxe6 {[%clk 0:47:07]} Rxe6
{[%clk 0:30:05]} 20. f3 {[%clk 0:45:06]} a6 {[%clk 0:28:36]} 21. Nb3
{[%clk 0:42:13]} Rg6 {[%clk 0:25:31]} 22. Kf1 {[%clk 0:41:32]} f6
{[%clk 0:24:32]} 23. Ra2 {[%clk 0:35:29]} Bb7 {[%clk 0:24:08]} 24. Bd2
{[%clk 0:34:33]} Re8 {[%clk 0:19:41]} 25. c5 {[%clk 0:25:49]} Bf8
{[%clk 0:19:34]} 26. Bc3 {[%clk 0:24:03]} Kf7 {[%clk 0:19:20]} 27. b5
{[%clk 0:21:29]} a5 {[%clk 0:18:12]} 28. c6 {[%clk 0:18:41]} Bc8 {[%clk 0:18:34]}
29. Nd2 {[%clk 0:13:40]} Be6 {[%clk 0:17:20]} 30. Ra4 {[%clk 0:13:17]} Rd8
{[%clk 0:17:10]} 31. Nc4 {[%clk 0:13:27]} Bxc4 {[%clk 0:14:43]} 32. Rxc4
{[%clk 0:13:43]} Rd5 {[%clk 0:14:36]} 33. Rb1 {[%clk 0:12:43]} Bd6
{[%clk 0:10:35]} 34. Bxa5 {[%clk 0:09:45]} bxa5 {[%clk 0:10:55]} 35. b6
{[%clk 0:10:10]} cxb6 {[%clk 0:11:20]} 36. Rxb6 {[%clk 0:10:02]} Kg8
{[%clk 0:11:36]} 37. Rb7 {[%clk 0:07:32]} f5 {[%clk 0:07:16]} 38. Rd7
{[%clk 0:06:45]} Rd4 {[%clk 0:07:38]} 39. c3 {[%clk 0:03:06]} Rxc4
{[%clk 0:06:50]} 40. dxc4 {[%clk 0:03:31]} Kh7 {[%clk 0:06:01]} 41. c7
{[%clk 0:03:39]} Bxc7 {[%clk 0:06:18]} 42. Rxc7 {[%clk 0:04:05]} Ra6
{[%clk 0:06:47]} 43. Re7 {[%clk 0:03:10]} a4 {[%clk 0:06:02]} 44. Rxe5
{[%clk 0:03:36]} a3 {[%clk 0:06:29]} 45. Re1 {[%clk 0:04:01]} Rb6
{[%clk 0:06:45]} 46. Ra1 {[%clk 0:03:58]} Rb3 {[%clk 0:07:12]} 47. c5
{[%clk 0:04:15]} Rxc3 48. c6 {[%clk 0:04:42]} Kg6 {[%clk 0:06:57]} 49. c7
{[%clk 0:04:48]} Kg5 {[%clk 0:07:18]} 50. Rxa3 Rxc7 {[%clk 0:07:40]} 51. g3
{[%clk 0:03:39]} Rc2 {[%clk 0:07:41]} 52. Ra5 {[%clk 0:03:26]} Kf6
{[%clk 0:07:15]} 53. Kg1 {[%clk 0:03:19]} Rc3 {[%clk 0:07:35]} 54. Kf2
{[%clk 0:03:43]} Rc2+ {[%clk 0:08:03]} 55. Kg1 {[%clk 0:04:11]} Rc3
{[%clk 0:08:30]} 56. Kf2 {[%clk 0:04:38]} Rc2+ {[%clk 0:08:45]} 1/2-1/2

[Event "8e Open de Porticcio"]
[Site "?"]
[Date "2023.07.04"]
[Round "6.5"]
[White "Carnicelli, Valerio"]
[Black "Relange, Eloi"]
[Result "1-0"]
[BlackElo "2462"]
[WhiteElo "2344"]
[LiveChessVersion "1.4.6"]

1. e4 {[%clk 1:30:56]} d6 {[%clk 1:30:42]} 2. d4 {[%clk 1:31:20]} Nf6
{[%clk 1:31:06]} 3. Nc3 {[%clk 1:31:47]} e5 {[%clk 1:31:28]} 4. Nf3
{[%clk 1:32:13]} Nbd7 {[%clk 1:31:48]} 5. Bc4 {[%clk 1:32:31]} Be7
{[%clk 1:32:04]} 6. O-O {[%clk 1:32:49]} O-O {[%clk 1:32:20]} 7. h3
{[%clk 1:33:12]} c6 {[%clk 1:32:28]} 8. a4 {[%clk 1:33:36]} Re8 {[%clk 1:29:26]}
9. Re1 {[%clk 1:33:34]} Qc7 {[%clk 1:27:35]} 10. Ba2 {[%clk 1:30:09]} h6
{[%clk 1:19:14]} 11. Be3 {[%clk 1:26:31]} exd4 {[%clk 1:02:29]} 12. Bxd4
{[%clk 1:16:35]} Ne5 {[%clk 1:00:00]} 13. Qe2 {[%clk 1:09:42]} Nh7
{[%clk 0:56:10]} 14. Rad1 {[%clk 1:04:30]} Bf6 {[%clk 0:50:31]} 15. Bxe5
{[%clk 0:47:28]} dxe5 {[%clk 0:49:19]} 16. Nh2 {[%clk 0:46:43]} Nf8
{[%clk 0:36:43]} 17. Ng4 {[%clk 0:46:07]} Bg5 {[%clk 0:36:00]} 18. Ne3
{[%clk 0:45:04]} g6 {[%clk 0:32:19]} 19. Nc4 {[%clk 0:35:33]} Be7
{[%clk 0:32:36]} 20. Qe3 {[%clk 0:32:24]} Ne6 {[%clk 0:32:28]} 21. Qg3
{[%clk 0:29:13]} Nf4 {[%clk 0:31:59]} 22. Ne2 {[%clk 0:24:07]} Be6
{[%clk 0:31:24]} 23. Bb3 {[%clk 0:21:39]} Rad8 {[%clk 0:18:51]} 24. Nxf4
{[%clk 0:20:04]} exf4 {[%clk 0:19:08]} 25. Qf3 {[%clk 0:18:44]} g5
{[%clk 0:18:06]} 26. Nd2 {[%clk 0:17:53]} Bxb3 {[%clk 0:17:32]} 27. Nxb3
{[%clk 0:10:52]} Bf6 {[%clk 0:17:53]} 28. Nc5 {[%clk 0:09:42]} Bxb2
{[%clk 0:16:36]} 29. Rb1 {[%clk 0:09:32]} Bd4 {[%clk 0:15:52]} 30. Rxb7
{[%clk 0:08:51]} Qa5 {[%clk 0:15:12]} 31. Nd3 {[%clk 0:08:51]} Rb8
{[%clk 0:14:39]} 32. Rd7 {[%clk 0:06:56]} Rbd8 {[%clk 0:14:51]} 33. Rxd8
{[%clk 0:06:13]} Rxd8 {[%clk 0:15:10]} 34. e5 {[%clk 0:06:10]} Qd5
{[%clk 0:14:03]} 35. Qh5 {[%clk 0:06:19]} Qe6 {[%clk 0:13:25]} 36. h4
{[%clk 0:06:19]} Qg6 {[%clk 0:12:57]} 37. Qxg6+ {[%clk 0:06:14]} fxg6
{[%clk 0:13:21]} 38. hxg5 {[%clk 0:06:38]} hxg5 {[%clk 0:13:46]} 39. e6
{[%clk 0:03:50]} Re8 {[%clk 0:10:45]} 40. Re4 {[%clk 0:03:43]} c5
{[%clk 0:10:59]} 41. Kh2 {[%clk 0:01:44]} Kf8 {[%clk 0:08:02]} 42. Kh3
{[%clk 0:02:01]} Ke7 {[%clk 0:08:26]} 43. Kg4 {[%clk 0:02:24]} Bf6
{[%clk 0:08:51]} 44. Nxc5 {[%clk 0:01:41]} Rh8 {[%clk 0:08:26]} 45. Nd7
{[%clk 0:00:59]} Rh4+ {[%clk 0:08:51]} 46. Kf3 {[%clk 0:01:26]} Bg7
{[%clk 0:09:13]} 47. Nb8 {[%clk 0:01:37]} g4+ {[%clk 0:07:53]} 48. Ke2
{[%clk 0:02:04]} f3+ {[%clk 0:08:07]} 49. gxf3 {[%clk 0:02:08]} gxf3+
{[%clk 0:08:31]} 50. Kd3 {[%clk 0:00:57]} Rh8 {[%clk 0:02:36]} 51. Nc6+
{[%clk 0:01:18]} Kd6 {[%clk 0:03:02]} 52. e7 {[%clk 0:00:42]} Re8
{[%clk 0:03:15]} 53. Nxa7 {[%clk 0:01:06]} Bf6 {[%clk 0:03:24]} 54. Nb5+
{[%clk 0:01:20]} Kc5 {[%clk 0:02:48]} 55. Rc4+ {[%clk 0:01:32]} Kb6
{[%clk 0:03:02]} 56. Nd6 {[%clk 0:01:57]} 1-0

[Event "8e Open de Porticcio"]
[Site "?"]
[Date "2023.07.04"]
[Round "6.6"]
[White "Hunt, Harriet V"]
[Black "Rakotomaharo, Fy Antenaina"]
[Result "0-1"]
[BlackElo "2463"]
[WhiteElo "2338"]
[LiveChessVersion "1.4.6"]

1. e4 {[%clk 1:29:12]} c5 {[%clk 1:30:54]} 2. Nc3 {[%clk 1:28:37]} e6
{[%clk 1:31:13]} 3. Nf3 {[%clk 1:28:42]} Nc6 {[%clk 1:31:37]} 4. d4
{[%clk 1:29:03]} cxd4 {[%clk 1:32:02]} 5. Nxd4 {[%clk 1:29:30]} Nf6
{[%clk 1:32:26]} 6. Ndb5 {[%clk 1:29:03]} Bc5 {[%clk 1:32:39]} 7. Bf4
{[%clk 1:28:50]} O-O {[%clk 1:32:57]} 8. Bc7 {[%clk 1:28:38]} Qe7
{[%clk 1:33:22]} 9. Bd6 {[%clk 1:28:26]} Bxd6 {[%clk 1:33:46]} 10. Qxd6
{[%clk 1:28:24]} Qd8 {[%clk 1:34:09]} 11. O-O-O {[%clk 1:12:28]} a6
{[%clk 1:33:55]} 12. Nd4 {[%clk 1:10:02]} Na5 {[%clk 1:34:03]} 13. Qg3
{[%clk 1:05:52]} d5 {[%clk 1:11:41]} 14. e5 {[%clk 0:54:12]} Nd7 {[%clk 1:11:41]}
15. f4 {[%clk 0:53:45]} Nc6 {[%clk 1:06:50]} 16. Nf3 {[%clk 0:48:21]} f5
{[%clk 1:03:48]} 17. Qh3 {[%clk 0:43:01]} Nc5 {[%clk 0:56:18]} 18. g4
{[%clk 0:36:51]} b5 {[%clk 0:55:58]} 19. gxf5 {[%clk 0:29:21]} Rxf5
{[%clk 0:56:13]} 20. Nd4 {[%clk 0:28:17]} Nxd4 {[%clk 0:40:11]} 21. Rxd4
{[%clk 0:28:41]} Qf8 {[%clk 0:40:32]} 22. Qe3 {[%clk 0:28:15]} g5
{[%clk 0:40:56]} 23. Rg1 {[%clk 0:27:25]} Kh8 {[%clk 0:41:22]} 24. Ne2
{[%clk 0:25:52]} Ne4 {[%clk 0:41:04]} 25. Rg4 {[%clk 0:20:43]} h5
{[%clk 0:38:04]} 26. Qh3 {[%clk 0:20:56]} Ra7 {[%clk 0:38:29]} 27. Rxe4
{[%clk 0:17:08]} dxe4 {[%clk 0:38:46]} 28. Rxg5 {[%clk 0:17:10]} Rxg5
{[%clk 0:39:03]} 29. fxg5 {[%clk 0:17:35]} Rg7 {[%clk 0:37:24]} 30. Bg2
{[%clk 0:15:28]} Rxg5 {[%clk 0:37:31]} 31. Bxe4 {[%clk 0:15:47]} Qf2
{[%clk 0:32:34]} 32. Kd2 {[%clk 0:12:17]} Rxe5 {[%clk 0:24:31]} 33. Qc3
{[%clk 0:09:18]} Qc5 {[%clk 0:24:51]} 34. Qf3 {[%clk 0:06:47]} Kg7
{[%clk 0:24:49]} 35. h4 {[%clk 0:06:22]} Bd7 {[%clk 0:23:05]} 36. c3
{[%clk 0:05:23]} b4 {[%clk 0:20:17]} 37. Qg3+ {[%clk 0:03:31]} Kf8
{[%clk 0:20:34]} 38. Qf3+ {[%clk 0:02:53]} Ke7 {[%clk 0:20:26]} 39. Nf4
{[%clk 0:03:03]} bxc3+ {[%clk 0:20:46]} 40. bxc3 {[%clk 0:03:29]} Qd6+
{[%clk 0:21:07]} 41. Nd3 {[%clk 0:00:39]} Ra5 {[%clk 0:20:47]} 42. Bg6 0-1

[Event "8e Open de Porticcio"]
[Site "?"]
[Date "2023.07.04"]
[Round "6.7"]
[White "Nevednichy, Vladislav"]
[Black "Navrotescu, Andreea"]
[Result "1-0"]
[BlackElo "2214"]
[WhiteElo "2453"]
[LiveChessVersion "1.4.6"]

1. e4 e5 2. Nf3 Nc6 3. Bc4 Bc5 4. O-O Nf6 5. d3 O-O 6. Bg5 h6 7. Bh4 Be7 8. Bg3
d6 9. a4 Kh8 10. a5 a6 11. h3 Nh7 12. Nc3 f5 13. exf5 Bxf5 14. Nd5 Nf6 15. Re1
Bh7 16. c3 Nxd5 17. Bxd5 Nxa5 18. d4 c6 19. Ba2 e4 20. Nd2 d5 21. b4 Nc4 22. Bxc4
dxc4 23. Nxc4 b6 24. Ne5 Qe8 25. Qa4 c5 26. bxc5 Qxa4 27. Rxa4 bxc5 28. Nd7 Rf5
29. Nb6 Rd8 30. d5 Rf6 31. Bc7 Rxb6 32. Bxb6 Rxd5 33. Rxa6 Kg8 34. Ra8+ Kf7 35.
Ra7 Ke6 36. Rc7 Kd6 37. c4 Rd2 38. Rxc5 Bh4 39. Rb5 Kc6 40. Be3 Rc2 41. Rc5+ Kd6
42. Rd1+ Ke6 43. Rc6+ Ke7 44. Rc7+ 1-0

[Event "8e Open de Porticcio"]
[Site "?"]
[Date "2023.07.04"]
[Round "6.8"]
[White "Collutiis, Duilio"]
[Black "Kukelko, Alexey"]
[Result "1/2-1/2"]
[BlackElo "2311"]
[WhiteElo "2341"]
[LiveChessVersion "1.4.6"]

1. d4 {[%clk 1:30:57]} Nf6 {[%clk 1:26:13]} 2. Bg5 {[%clk 1:30:35]} e6
{[%clk 1:23:17]} 3. Nd2 {[%clk 1:28:08]} c5 {[%clk 1:21:24]} 4. e3
{[%clk 1:28:32]} b6 {[%clk 1:19:44]} 5. c3 {[%clk 1:28:47]} Be7 {[%clk 1:18:49]}
6. Ngf3 {[%clk 1:25:32]} cxd4 {[%clk 1:15:55]} 7. exd4 {[%clk 1:24:18]} O-O
{[%clk 1:14:58]} 8. a4 {[%clk 1:24:28]} Ba6 {[%clk 1:14:37]} 9. Bb5
{[%clk 1:23:57]} Bb7 {[%clk 1:10:33]} 10. Qe2 {[%clk 1:23:27]} Nc6
{[%clk 1:10:17]} 11. O-O {[%clk 1:17:16]} Nd5 {[%clk 1:03:01]} 12. Bxe7
{[%clk 1:16:53]} Qxe7 {[%clk 0:58:13]} 13. Rfe1 {[%clk 1:11:18]} h6
{[%clk 0:56:00]} 14. Ne5 {[%clk 1:03:33]} a6 {[%clk 0:50:03]} 15. Bc4
{[%clk 0:54:46]} Na5 {[%clk 0:44:36]} 16. Bxd5 {[%clk 0:54:18]} Bxd5
{[%clk 0:43:46]} 17. Nd3 {[%clk 0:50:48]} Qg5 {[%clk 0:33:17]} 18. Ne4
{[%clk 0:50:09]} Qf5 {[%clk 0:32:08]} 19. Ng3 {[%clk 0:49:45]} Qg5
{[%clk 0:28:05]} 20. Ne4 {[%clk 0:49:54]} Qf5 {[%clk 0:28:28]} 21. Ng3
{[%clk 0:50:22]} Qg5 {[%clk 0:28:55]} 22. Ne4 1/2-1/2

[Event "8e Open de Porticcio"]
[Site "?"]
[Date "2023.07.05"]
[Round "7.1"]
[White "Roux, Baptiste"]
[Black "Carnicelli, Valerio"]
[Result "0-1"]
[BlackElo "2344"]
[WhiteElo "2288"]
[LiveChessVersion "1.4.6"]

1. e4 {[%clk 1:30:54]} c5 {[%clk 1:30:57]} 2. Nf3 {[%clk 1:30:55]} Nc6
{[%clk 1:31:22]} 3. d4 {[%clk 1:30:56]} cxd4 {[%clk 1:31:48]} 4. Nxd4
{[%clk 1:31:21]} e6 {[%clk 1:32:14]} 5. Nc3 {[%clk 1:31:23]} Qc7 {[%clk 1:32:39]}
6. Be2 {[%clk 1:31:29]} a6 {[%clk 1:32:56]} 7. O-O {[%clk 1:31:48]} Nf6
{[%clk 1:33:09]} 8. Kh1 {[%clk 1:31:53]} Be7 {[%clk 1:33:17]} 9. f4
{[%clk 1:29:36]} d6 {[%clk 1:33:43]} 10. Nxc6 {[%clk 1:24:28]} bxc6
{[%clk 1:28:29]} 11. Qd3 {[%clk 1:21:21]} O-O {[%clk 1:21:58]} 12. b3
{[%clk 1:18:35]} a5 {[%clk 1:17:37]} 13. Qg3 {[%clk 1:13:31]} d5 {[%clk 1:12:29]}
14. Bb2 {[%clk 1:06:40]} Ba6 {[%clk 1:08:47]} 15. Bxa6 {[%clk 1:04:06]} Rxa6
{[%clk 1:09:13]} 16. Rae1 {[%clk 1:00:18]} Raa8 {[%clk 0:45:48]} 17. e5
{[%clk 0:52:17]} Nd7 {[%clk 0:45:21]} 18. Qh3 {[%clk 0:43:27]} Bb4
{[%clk 0:37:05]} 19. Re2 {[%clk 0:39:33]} Nc5 {[%clk 0:34:20]} 20. Nd1
{[%clk 0:36:30]} Ne4 {[%clk 0:34:37]} 21. Nf2 {[%clk 0:36:13]} Nxf2+
{[%clk 0:34:04]} 22. Rfxf2 {[%clk 0:36:02]} a4 {[%clk 0:30:38]} 23. f5
{[%clk 0:32:44]} exf5 {[%clk 0:27:59]} 24. Qxf5 {[%clk 0:31:34]} axb3
{[%clk 0:27:57]} 25. axb3 {[%clk 0:30:57]} Ra2 {[%clk 0:27:04]} 26. c4
{[%clk 0:20:43]} dxc4 {[%clk 0:20:30]} 27. bxc4 {[%clk 0:19:35]} Bc5
{[%clk 0:20:39]} 28. Rf1 {[%clk 0:19:06]} Bd4 {[%clk 0:14:20]} 29. Qb1
{[%clk 0:02:39]} Rfa8 {[%clk 0:13:32]} 30. e6 {[%clk 0:02:27]} fxe6
{[%clk 0:09:37]} 31. Rxe6 {[%clk 0:01:42]} Rxb2 {[%clk 0:08:01]} 32. Qe4
{[%clk 0:02:11]} Qf7 {[%clk 0:07:42]} 33. Rd1 {[%clk 0:00:58]} Rf2
{[%clk 0:06:19]} 34. h4 {[%clk 0:01:23]} Rf1+ {[%clk 0:05:52]} 35. Rxf1
{[%clk 0:01:48]} Qxf1+ {[%clk 0:06:19]} 36. Kh2 {[%clk 0:02:15]} Qg1+
{[%clk 0:05:09]} 37. Kh3 {[%clk 0:02:39]} Ra3+ {[%clk 0:05:16]} 38. Kg4
{[%clk 0:03:08]} Qd1+ {[%clk 0:05:27]} 39. Kf4 {[%clk 0:01:43]} Be3+
{[%clk 0:05:15]} 40. Kg3 {[%clk 0:02:07]} Bg1+ {[%clk 0:04:59]} 41. Kf4
{[%clk 0:02:19]} Bh2+ {[%clk 0:05:04]} 42. g3 {[%clk 0:02:15]} Bxg3+
{[%clk 0:05:26]} 43. Kg5 {[%clk 0:02:36]} Ra5+ {[%clk 0:05:40]} 0-1

[Event "8e Open de Porticcio"]
[Site "?"]
[Date "2023.07.05"]
[Round "7.2"]
[White "Makkar, Rajat"]
[Black "Peng, Li Min"]
[Result "1/2-1/2"]
[BlackElo "2535"]
[WhiteElo "2419"]
[LiveChessVersion "1.4.6"]

1. d4 {[%clk 1:30:55]} d5 {[%clk 1:30:24]} 2. c4 {[%clk 1:31:17]} e6
{[%clk 1:30:40]} 3. Nf3 {[%clk 1:31:38]} Nf6 {[%clk 1:30:37]} 4. Nc3
{[%clk 1:31:58]} c5 {[%clk 1:30:47]} 5. cxd5 {[%clk 1:32:07]} cxd4
{[%clk 1:31:09]} 6. Qxd4 {[%clk 1:29:38]} exd5 {[%clk 1:31:33]} 7. e4
{[%clk 1:29:57]} dxe4 {[%clk 1:31:54]} 8. Qxd8+ {[%clk 1:30:20]} Kxd8
{[%clk 1:32:19]} 9. Ng5 {[%clk 1:30:35]} Be6 {[%clk 1:32:43]} 10. Nxe6+
{[%clk 1:30:07]} fxe6 {[%clk 1:33:07]} 11. Bg5 {[%clk 1:29:52]} h6
{[%clk 1:33:32]} 12. O-O-O+ {[%clk 1:29:12]} Ke7 {[%clk 1:33:57]} 13. Bxf6+
{[%clk 1:28:50]} gxf6 {[%clk 1:34:22]} 14. Nxe4 {[%clk 1:29:13]} Bg7
{[%clk 1:34:46]} 15. Bc4 {[%clk 1:16:47]} Rc8 {[%clk 1:34:32]} 16. Nd6
{[%clk 1:17:09]} Nd7 {[%clk 1:34:52]} 17. Kb1 {[%clk 1:16:07]} Rc6
{[%clk 1:35:12]} 18. Bb5 {[%clk 1:16:03]} Rxd6 {[%clk 1:32:36]} 19. Rxd6
{[%clk 1:16:09]} Kxd6 {[%clk 1:32:59]} 20. Rd1+ {[%clk 1:16:31]} Ke5
{[%clk 1:23:31]} 21. Rxd7 {[%clk 1:16:44]} Bf8 {[%clk 1:23:59]} 22. g3
{[%clk 1:04:49]} Bc5 {[%clk 1:19:13]} 23. f4+ {[%clk 1:03:59]} Ke4
{[%clk 1:18:50]} 24. Rxb7 {[%clk 0:53:25]} Rd8 {[%clk 1:19:16]} 25. Bc6+
{[%clk 0:53:28]} Ke3 {[%clk 1:18:57]} 26. Rb3+ {[%clk 0:48:42]} Rd3
{[%clk 1:15:52]} 27. Kc2 {[%clk 0:48:01]} Rxb3 {[%clk 1:16:17]} 28. Kxb3
{[%clk 0:48:26]} Kf2 {[%clk 1:16:29]} 29. Kc4 {[%clk 0:47:42]} Bb6
{[%clk 1:15:59]} 30. b4 {[%clk 0:47:06]} Kg1 {[%clk 1:16:19]} 31. h4
{[%clk 0:46:10]} Bf2 {[%clk 1:16:46]} 32. g4 {[%clk 0:46:34]} Bxh4
{[%clk 1:17:14]} 33. Bd7 {[%clk 0:46:49]} Bg3 {[%clk 1:12:24]} 34. Bxe6
{[%clk 0:46:47]} Bxf4 {[%clk 1:12:49]} 35. a4 {[%clk 0:47:04]} Kf2
{[%clk 1:12:40]} 36. Kb5 {[%clk 0:47:16]} Bd2 {[%clk 1:12:18]} 37. Ka6
{[%clk 0:47:42]} Bxb4 {[%clk 1:12:45]} 38. Kxa7 {[%clk 0:48:08]} Kg3
{[%clk 1:13:08]} 39. Kb6 {[%clk 0:48:34]} Kh4 {[%clk 1:13:34]} 40. a5
{[%clk 0:49:01]} Bxa5+ {[%clk 1:13:57]} 41. Kxa5 {[%clk 0:49:28]} h5
{[%clk 1:14:22]} 42. gxh5 {[%clk 0:49:56]} Kxh5 {[%clk 1:14:48]} 43. Kb5
{[%clk 0:50:22]} f5 {[%clk 1:15:14]} 44. Bxf5 {[%clk 0:50:50]} 1/2-1/2